Top 20 des buteurs argentins de la sélection - Statistiques

Statistiques générales
  • Ce quiz a été pris 98 fois
  • Le résultat moyen est 7 sur 20
Statistiques - réponses
Nombre de buts Joueurs % Correct
106 Lionel Messi
100%
30 Ángel Di María
89%
32 Diego Maradona
87%
41 Sergio Agüero
86%
31 Gonzalo Higuaín
75%
55 Gabriel Batistuta
66%
35 Hernán Crespo
60%
22 Lautaro Martínez
52%
17 Juan Román Riquelme
36%
18 Mario Kempes
22%
16 Maxi Rodríguez
13%
20 Daniel Passarella
10%
16 Ariel Ortega
7%
16 Claudio Caniggia
4%
18 Leopoldo Luque
4%
16 Herminio Masantonio
1%
15 José Manuel Moreno
1%
18 José Sanfilippo
1%
17 Norberto Méndez
1%
15 Ángel Labruna
0%
Aucun quiz correspondant
Distribution des résultats
% des personnes avec chaque résultat
Percentile par nombre de réponses
Votre historique - résultats
Vous n’avez pas pris ce quiz